Responses for show #4712 - Tuesday, February 15, 2005

2005 Ultimate Tournament of Champions Round 1, game 5.

Contestants

[<< previous game]

Tom Cubbage, an attorney from Oklahoma City, Oklahoma

Bob Harris, a writer from Los Angeles, California

Frank Epstein, a police officer from Los Angeles, California

[next game >>]

Jeopardy! Round responses

ROCK GROUPS
THE MAMAS & THE PAPAS
KANSAS
THE STONES
GUNS N' ROSES
U2
(Alex: And there will be 2 "U"s in each correct response.)
    $200 7
The Monkees

Frank
    $200 16
William Penn

Frank
    $200 2
the geographic center

Bob
    $200 30
(Frank: What is yellow?)
...
(Alex: What is [*]? Very much in the news these days.)

pink

Frank
Triple Stumper
    $200 1
(Frank: [After the Triple Stumper] Oh, good start!)

the Rose Parade

Triple Stumper
    $200 21
Aquarius

Tom
    $400 8
Devo

Frank
    $400 17
(Alex: How did [*] hear about it, is what I want to know!)

Mother Teresa

Triple Stumper
    $400 3
Topeka

Bob
    $400 29
Jade

Triple Stumper
    $400 12
Pete Rose

Bob
    $400 22
Julius

Bob
    $600 9
AC/DC

Tom
    $600 18
Austin

Tom
    $600 4
(Bob: What is a grainery?)

a grain elevator

BobTom
    $600 27
(Bob: What's Africa?)

Asia

Bob
Triple Stumper
    $600 13
(Samuel) Colt

Tom
    $600 23
fabulous

Tom
    $800 10
R.E.M.

Tom
    $800 19
Jane Seymour

Bob
    $800 5
Overland Park

Tom
    $800 26
turquoise

Bob
    $800 14
the Gatling Gun

Frank
    $800 24
a troubadour

Tom
    $1000 11
Cheap Trick

Bob
    $1000 20
Helena

Tom
    $1000 6
the Dalton Boys

Frank
    $1,500 28
(Alex: You were looking for it, I know. Didn't think it would be in the bottom box. All right, you can catch Tom.)
(Bob: Yeah, and it's a $1000 clue. Well, let's see. Let me, um... uh, you know, well, I didn't come here to lose. Let's do $1500.)
...
(Alex: [*] is right. You said it quickly.)
(Bob: Uh, let's see--I was born in October.)

opal

Bob
    $1000 15
Rose Fitzgerald Kennedy

Triple Stumper
    $1000 25
a caucus

Bob

Scores at the first commercial break (after clue 15):

Frank Bob Tom
$2,400 $1,400 $3,400

Scores at the end of the Jeopardy! Round:

Frank Bob Tom
$2,400 $5,300 $6,600

Double Jeopardy! Round responses

OPERAS BY CHARACTER
1970s TV
THE HUMAN BODY
EVERYTHING HAS A NAME
THE SECRETARY OF STATE WHO...
DERIVED FROM ETRUSCAN
(Alex: Each correct response will be made up of letters that are in the word "Etruscan", so if you come up with a response that has nine letters, you're automatically wrong. Okay?)
    $400 30
[ERRATUM: Sir Joseph Porter is First Lord of the Admiralty, not an admiral: a political appointee, not a naval officer. Porter satirizes real First Lord of the Admiralty W.H. Smith, derided as a politician little-versed in naval matters.]
(Alex: And that would be [*]. All right, Frank is upset he didn't ring in on that one. But that's okay. All three players alive as we come to Final Jeopardy!)

H.M.S. Pinafore

Triple Stumper
    $400 11
WKRP in Cincinnati

Tom
    $400 16
the brain

Triple Stumper
    $400 6
a flange

Frank
    $400 1
(Colin) Powell

Tom
    $400 21
acres

Tom
    $800 29
Salome

Tom
    $800 12
Battlestar Galactica

Frank
    $800 17
cochlea

Tom
    $800 7
(Bob: Uh, what's a, um, gasbag?)

a windbag

BobTom
    $800 2
(John) Marshall

Tom
    $800 22
a centaur

Triple Stumper
    $1200 28
Parsifal

Frank
    $1200 13
Operation Petticoat

Tom
    $1,000 18
calcium

Tom
    $1200 8
(Bob: What's binary?)

toggle

Bob
Triple Stumper
    $1200 3
(Frank: Who is John Jay?)

Thomas Jefferson

FrankBob
    $1200 23
enact

Bob
    $1600 27
I Pagliacci

Bob
    $1600 14
Alice

Triple Stumper
    $1600 19
the thyroid gland

Triple Stumper
    $1600 9
(Tom: What is a closer?)

a stopper

BobTom
    $1,300 4
(Bob: Oh, give me a second. I'll get it. Uh. Who was [*]?)
(Alex: [*] is right, yes. Lincoln's Secretary of State. Correct.)

Seward

Bob
    $1600 24
tears

Triple Stumper
    $2000 26
Rigoletto

Triple Stumper
    $2000 15
(Alex: And that was [*]. Tom, back to you. Bob, you knew that?)
(Bob: I knew that!)
(Alex: Oh, well, okay, don't second-guess yourself.)
(Frank: Oh, yeah, me too!)
[Laughter]
(Alex: You, too, Frank!)

Wait Till Your Father Gets Home

Triple Stumper
    $2000 20
the alveoli

Bob
    $2000 10
the (film) leader

Triple Stumper
    $2000 5
Buchanan

Frank
    $2000 25
a scar

Frank

Scores at the end of the Double Jeopardy! Round:

Frank Bob Tom
$7,600 $12,200 $11,600

[wagering suggestions for these scores]

Final Jeopardy! Round responses

SHAKESPEAREAN ROYALTY
(Alex: ...Bob Harris: [*], yes. Wager: ooh, hello! $12,200! $24,400 is what Bob Harris has earned today! Frank and Tom will each receive $5,000.)
FrankWho is Richard III
$5,000
TomWho is Richard III?
$3,601
BobWho is Richard III?
$12,200
Richard III

Final scores:

Frank Bob Tom
$12,600 $24,400 $15,201
3rd place: $5,000 Winner: $24,400 + an advance to UToC Round 2 2nd place: $5,000

Game dynamics:

Coryat scores:

Frank Bob Tom
$7,600 $12,000 $11,800
10 R,
2 W
15 R
(including 2 DDs),
4 W
19 R
(including 1 DD),
1 W

Combined Coryat: $31,400

The J! Archive is created by fans, for fans. The Jeopardy! game show and all elements thereof, including but not limited to copyright and trademark thereto, are the property of Jeopardy Productions, Inc. and are protected under law. This website is not affiliated with, sponsored by, or operated by Jeopardy Productions, Inc. Join the discussion at JBoard.tv.